00333nam a2200121Ia 45000030006000000080041000060400015000471000027000622450059000892600034001485460012001820050017001940STCL150530s9999 xx 000 0 und d aSTCLcSTCL aNitis Chandra Saha; Ed aJournal of the Indian Chemical Society vol-80 November bIndian Chemical Societyc2003 aEnglish20220125165841.0